|
|
|
|
| LEADER |
01104nam a2200301 a 4500 |
| 001 |
285 |
| 003 |
BD-DhAAL |
| 005 |
20150415094605.0 |
| 008 |
881230s1989 ilua b 001 0 eng d |
| 010 |
|
|
|a 88064161
|
| 020 |
|
|
|a 0875813410
|
| 035 |
|
|
|a (OCoLC)20642771
|
| 040 |
|
|
|a OAkU
|c DLC
|d DLC
|d BD-DhAAL
|
| 050 |
0 |
4 |
|a HM291
|b .L565 1989
|
| 082 |
|
|
|2 361.6
|
| 100 |
1 |
|
|a Little, Craig B.
|9 10353
|
| 245 |
1 |
0 |
|a Deviance & control :
|b theory, research, and social policy /
|c Craig B. Little.
|
| 260 |
|
|
|a Itasca, Ill. :
|b F.E. Peacock Publishers,
|c c1989.
|
| 300 |
|
|
|a xiv, 419 p. :
|b ill. ;
|c 24 cm.
|
| 504 |
|
|
|a Includes bibliographical references (p. 357-404) and indexes.
|
| 650 |
|
0 |
|a Deviant behavior.
|9 10354
|
| 650 |
|
0 |
|a Deviant behavior
|x Prevention.
|9 10355
|
| 650 |
|
0 |
|a Social control.
|9 9871
|
| 650 |
|
0 |
|a Social policy.
|9 9589
|
| 740 |
0 |
|
|a Deviance and control.
|
| 942 |
|
|
|2 ddc
|c BK
|
| 999 |
|
|
|c 34221
|d 34221
|
| 952 |
|
|
|0 0
|1 0
|2 ddc
|4 0
|6 361_600000000000000_LIT
|7 0
|9 53430
|a SCL
|b SCL
|c GEN
|d 2015-04-15
|e Gift: The Asia Foundation
|l 1
|m 10
|o 361.6 LIT
|p 3020000285
|r 2018-07-19
|s 2018-05-24
|t 1
|w 2015-04-15
|y BK
|